Biblioteca

The Mishnah before 70 / (Registro nro. 65729)

Detalles MARC
000 -LÍDER
Campo fijo de descripción fija 01533pam a2200385 i 4500
001 - NÚMERO DE CONTROL
Campo de control 768714001
003 - IDENTIFICADOR DEL NÚMERO DE CONTROL
Campo de control CO-MdFUSB
005 - FECHA Y HORA DE LA ULTIMA TRANSACCIÓN
control field 20201019135025.0
007 - CAMPO FIJO DE DESCRIPCIÓN FIJA--INFORMACIÓN GENERAL
Campo fijo de descripción fija ta
008 - ELEMENTOS DE LONGITUD FIJA -- INFORMACIÓN GENERAL
Campo fijo de descripción fija -- Información general 861209t1987 gau b 000 0 eng
010 ## - NÚMERO DE CONTROL DE LA BIBLIOTECA DEL CONGRESO
Número de control LC 86031498
020 ## - NÚMERO INTERNACIONAL NORMALIZADO PARA LIBROS
Número Internacional Normalizado del libro 1555401066 (alk. paper)
040 ## - FUENTE DE CATALOGACIÓN
Agencia de catalogación original DLC
Agencia que realiza la transcripción CO-MdFUSB
Agencia que realiza la modificación m/c
-- CO-MdFUSB
-- CUF
-- UtOrBLW
Idioma de catalogación spa
Convenciones de la descripción rda
041 ## - CÓDIGO DE IDIOMA
Código de idioma para texto/pista de sonido o título separado eng
082 ## - NÚMERO DE CLASIFICACIÓN DECIMAL DEWEY
Número de la edición del Dewey 23
Número de clasificación 296.123066
Clave de autor-Numero de item N496
100 1# - ASIENTO PRINCIPAL--NOMBRE PERSONAL
Nombre personal Neusner, Jacob,
Fechas asociadas con el nombre 1932-2016.
Término relacionador autor
245 14 - TÍTULO
Título del Material The Mishnah before 70 /
Mención de responsabilidad, etc. Jacob Neusner.
264 #1 - PRODUCCIÓN, PUBLICACIÓN, DISTRIBUCIÓN, MANUFACTURA, Y COPYRIGHT
Lugar de producción, publicación, distribución, manufactura Atlanta, Ga. :
Nombre del productor, publicador, distribuidor Scholars Press,
Fecha de producción, publicación, distribución, manufactura, o copyright [1987]
264 #4 - PRODUCCIÓN, PUBLICACIÓN, DISTRIBUCIÓN, MANUFACTURA, Y COPYRIGHT
Fecha de producción, publicación, distribución, manufactura, o copyright ©1987.
300 ## - DESCRIPCIÓN FÍSICA
Extensión xiv, 290 páginas ;
Dimensiones 25 cm.
336 ## - TIPO DE CONTENIDO
Término de tipo de contenido texto
Código de tipo de contenido txt
Fuente rdacontent.
337 ## - TIPO DE MEDIO
Nombre del tipo de medio sin mediación
Código del tipo de medio n
Fuente rdamedia.
338 ## - TIPO DE SOPORTE
Nombre del tipo de soporte volumen
Código Tipo de soporte nc
Fuente rdacarrier.
490 1# - MENCIÓN DE SERIE
Mención de serie Brown Judaic studies ;
504 ## - NOTA DE BIBLIOGRAFÍA, ETC.
Nota de bibliografía, etc Incluye referencias bibliográficas<br/>
505 ## - NOTA DE CONTENIDO
Nota de contenido con formato preestablecido El método de correlación de atribuciones y secuencias de progresiones lógicas: el caso de Mishnah - y Tosefta -Tractate Makhshirin. --Kelim antes de los 70. -- Ohalot antes de los 70. -- Negaim antes de los 70. -- Parah antes de los 70. -- Tohorot antes de los 70. --Miqvaot antes de los 70. -- Nidahh antes de los 70. -- Zabim antes de los 70. -- La formación de la ley de purezas de la mishná: los casos de kelim y de Ohalot
563 ## - NOTA DE ENCUADERNACIÓN
Nota de encuadernación Rústico
653 ## - TÉRMINO DE INDIZACIÓN - NO CONTROLADO
Término no controlado Misná
653 ## - TÉRMINO DE INDIZACIÓN - NO CONTROLADO
Término no controlado Legislación judía.
830 #0 - PUNTO DE ACCESO ADICIONAL DE SERIE - TÍTULO UNIFORME
Título uniforme Brown Judaic studies ;
Designación de volumen o secuencia no. 51.
942 ## - TIPO DE MATERIAL (KOHA)
Tipo de Item KOHA Libros General
945 ## - INFORMACIÓN LOCAL DEL REGISTRO
Catalogador JTF-925
Existencias
Estado de Material Estado de Perdido Forma de Clasificación Estado de Dañado No para Préstamo Colección Biblioteca de Origen Biblioteca Permanente Fecha de Adquisición Forma de Adquisición Área Total de Préstamos Signatura Topográfica Código de Barras Última vez visto Ejemplar/Existencia Fecha de Remplazo Tipo de Material
    Dewey Decimal Classification     Colección General Biblioteca FUSBC Biblioteca FUSBC 20/04/2020 Donación Nottingham BIBLIA   G 296.123066 N496m 1122 20/04/2020 Ej.1 20/04/2020 Libros General

Biblioteca FUSBC | Teléfono: (57+4) 349 88 10 Ext. 141| WhatsApp (+57) 3005338115 
E-mail: biblioteca@unisbc.edu.co | Calle 76 87-14 Robledo Palenque, Medellín, Colombia

Con tecnología Koha